000 00524nam a2200193Ia 4500
005 20250508161516.0
008 008 250505s9999 xx 000 0 eng d
037 _aReference
040 _aFEDL
_beng
_cFEDL
041 _aeng
_2eng
084 _a370.15, JHA
_qFEDL
100 _aJha B N
245 0 _aModern educational psychology
250 _aRev. Edition
260 _aAllahabad, India
_bThe Indian Press Pvt. Ltd.
300 _axv,477p
942 _cREF
_h370.15, JHA
999 _c1370407
_d1370407